00356nam a2200097Ia 45000010005000000080041000050820020000461000075000662450093001412600024002342425241024s9999 xx 000 0 und d aRD/333.7/AL398p aAlianza ONG, Departamento de Estado de los Estados Unidos de América 0aParticiáción Pública: El Medio Ambiente en el Tratado de Libre Comerico (DR-CAFTA) bSanto Domingoc2008